[Event "Detroit (MOR/3/16)"]
[Site "?"]
[Date "1990.??.??"]
[Round "?"]
[White "Watson, Terry"]
[Black "Conlon, Russell"]
[Result "0-1"]
[WhiteElo "1645"]
[BlackElo "1605"]
[PlyCount "64"]
[EventDate "1990.??.??"]

{3/(16)} 1. e4 Nc6 2. Nf3 d5 3. e5 Bf5 4. d4 e6 5. a3 a5 6. Bb5 Nge7 7. O-O h6
8. Nbd2 Bh7 9. Nb3 Nf5 10. Bd2 a4 11. Nc1 Qb8 12. c3 Qa7 13. g4 Nfe7 14. Nh4 g5
15. Ng2 Kd8 16. Na2 Qb6 17. Bxa4 Qxb2 18. Bxc6 Nxc6 19. Bc1 Qb5 20. Qf3 Ke8 21.
h4 Be7 22. Bd2 Be4 23. Qg3 Rxa3 24. Nb4 Rxa1 25. Rxa1 Kd7 26. hxg5 hxg5 27. f3
Bg6 28. Nxc6 Qxc6 29. f4 gxf4 30. Nxf4 Bh4 31. Qh2 Be4 32. Be1 Bf2+ 0-1

[Event "Detroit (MOR/1a/21)"]
[Site "?"]
[Date "1990.??.??"]
[Round "?"]
[White "Watson, Terry"]
[Black "Bannister, K."]
[Result "1-0"]
[WhiteElo "1645"]
[BlackElo "1605"]
[PlyCount "103"]
[EventDate "1990.??.??"]

1. e4 e5 2. Nf3 Nc6 3. Bb5 d6 4. O-O Bd7 5. d4 f6 6. dxe5 dxe5 7. Bxc6 Bxc6 8.
Qe2 Bd6 9. c4 Qe7 10. a3 Nh6 11. b4 Qe6 12. c5 Be7 13. Rd1 Nf7 14. Nc3 O-O 15.
Nd5 Bd8 16. a4 b6 17. b5 Bb7 18. Ba3 Re8 19. c6 Bc8 20. a5 f5 21. exf5 Qxf5 22.
axb6 axb6 23. Bb2 Rxa1 24. Rxa1 e4 25. Rd1 Be6 26. Nh4 Qg4 27. Qxg4 Bxg4 28. f3
exf3 29. Nxf3 Bxf3 30. gxf3 Re2 31. Ba1 h5 32. Nf4 Re3 33. Kf2 Rb3 34. Rd5 Ra3
35. Bd4 h4 36. Ne6 Be7 37. Nxc7 Ra2+ 38. Kg1 h3 39. Bxb6 Ra1+ 40. Kf2 Bh4+ 41.
Ke2 Ra2+ 42. Rd2 Rxd2+ 43. Kxd2 Bg3 44. Ne6 Bxh2 45. Ke2 Bg3 46. Kf1 Nd6 47.
Bc7 Kf7 48. Ng5+ Ke7 49. Nxh3 Bh4 50. b6 Ne8 51. b7 Nxc7 52. b8=Q 1-0

[Event "Lansing (MI Am/5/42)"]
[Site "?"]
[Date "1990.??.??"]
[Round "?"]
[White "Watkins, K."]
[Black "Waller, A."]
[Result "0-1"]
[WhiteElo "1605"]
[BlackElo "1605"]
[PlyCount "85"]
[EventDate "1990.??.??"]

{5/(42)} 1. e4 c6 2. Nf3 d5 3. exd5 cxd5 4. d4 Bg4 5. Be2 Nc6 6. O-O e6 7. Nc3
Nf6 8. Bg5 Be7 9. h3 Bxf3 10. Bxf3 O-O 11. Rb1 Qc7 12. Re1 Rac8 13. a3 a6 14.
Kf1 Nd7 15. Bxe7 Nxe7 16. Kg1 Nf5 17. Ne2 Nh4 18. Bg4 f5 19. Bf3 Nxf3+ 20. gxf3
Qxc2 21. Qxc2 Rxc2 22. f4 Rfc8 23. h4 Rd2 24. Kf1 Rcc2 25. Rbc1 Rxe2 26. Rxe2
Rxc1+ 27. Kg2 Kf7 28. h5 h6 29. b4 Rd1 30. Rc2 b6 31. Kf3 Rxd4 32. Ke3 Rc4 33.
Rxc4 dxc4 34. Kd4 b5 35. a4 g6 36. axb5 axb5 37. hxg6+ Kxg6 38. f3 h5 39. Kc3
h4 40. Kb2 h3 41. Kc3 h2 42. Kb2 h1=Q 43. Kc3 0-1

[Event "Detroit (MOR/7/37)"]
[Site "?"]
[Date "1990.??.??"]
[Round "?"]
[White "Watkins, K."]
[Black "Stinson, Darlene"]
[Result "1/2-1/2"]
[WhiteElo "1605"]
[BlackElo "1605"]
[PlyCount "67"]
[EventDate "1990.??.??"]

{7/(37)} 1. e4 e5 2. Nf3 Nf6 3. Nc3 Nc6 4. Bc4 Nxe4 5. Nxe4 d5 6. Bxd5 Qxd5 7.
Nc3 Qd8 8. O-O Bg4 9. Re1 Bd6 10. h3 Bh5 11. b3 Nd4 12. g4 Nxf3+ 13. Qxf3 Bg6
14. d4 f6 15. dxe5 fxe5 16. Qxb7 O-O 17. Bb2 Qf6 18. Ne4 Bxe4 19. Qxe4 Qxf2+
20. Kh1 Qg3 21. Qd5+ Kh8 22. Qg2 Qxg2+ 23. Kxg2 Rae8 24. c4 e4 25. a4 e3 26.
Bd4 Rf2+ 27. Kh1 Rh2+ 28. Kg1 Rxh3 29. Bxa7 Rg3+ 30. Kh1 Rh3+ 31. Kg2 Rg3+ 32.
Kh1 Rh3+ 33. Kg2 Rg3+ 34. Kh1 1/2-1/2

[Event "Detroit (MOR/2/34)"]
[Site "?"]
[Date "1990.??.??"]
[Round "?"]
[White "Watkins, K."]
[Black "Sawmiller, Tim"]
[Result "1/2-1/2"]
[WhiteElo "1605"]
[BlackElo "1605"]
[PlyCount "79"]
[EventDate "1990.??.??"]

{2/(34)} 1. e4 e5 2. Nf3 Nc6 3. Bc4 Bc5 4. d3 Nf6 5. Ng5 d5 6. exd5 Nxd5 7.
Nxf7 Kxf7 8. Qf3+ Ke8 9. Bxd5 Qf6 10. Qxf6 gxf6 11. Nc3 Nd4 12. O-O Nxc2 13.
Rb1 c6 14. Bb3 Nd4 15. Ne4 Be7 16. Bd1 Rg8 17. Bh5+ Kd8 18. g3 Be6 19. b3 Kc7
20. Be3 Rad8 21. a4 Nxb3 22. Bxa7 Rxd3 23. Be2 Rdd8 24. a5 Kc8 25. Bb6 Nd2 26.
Nxd2 Rxd2 27. Rfe1 Bd8 28. Bxd8 Rgxd8 29. a6 bxa6 30. Bxa6+ Kd7 31. Rb7+ Ke8
32. Rxh7 R8d4 33. f4 Bd5 34. Re2 Rxe2 35. Bxe2 exf4 36. gxf4 Rxf4 37. h4 Kf8
38. h5 Kg8 39. Rc7 Bf3 40. Bxf3 1/2-1/2

[Event "Lansing (MI Am/4/40)"]
[Site "?"]
[Date "1990.??.??"]
[Round "?"]
[White "Watkins, K."]
[Black "Repas, B."]
[Result "0-1"]
[WhiteElo "1605"]
[BlackElo "1605"]
[PlyCount "68"]
[EventDate "1990.??.??"]

{4/(40)} 1. e4 c5 2. Nf3 Nc6 3. d4 cxd4 4. Nxd4 Nf6 5. Nxc6 bxc6 6. e5 Nd5 7.
Nc3 Qa5 8. Bd2 e6 9. Nxd5 Qxd5 10. Bc3 Qc5 11. a3 Qb6 12. Qd4 g6 13. Rd1 Bg7
14. Qxb6 axb6 15. Be2 O-O 16. O-O Rd8 17. Bf3 Bb7 18. b4 Rxa3 19. Bb2 Ra2 20.
Bc1 Bxe5 21. b5 Rxc2 22. bxc6 Bxc6 23. Bxc6 Rxc6 24. Rfe1 Bf6 25. Be3 d5 26. g4
d4 27. Bh6 Bg7 28. g5 d3 29. Rd2 Bc3 30. Rxd3 Rxd3 31. Rc1 Rcd6 32. Kf1 Rd1+
33. Rxd1 Rxd1+ 34. Ke2 Rd4 0-1

[Event "Detroit (MCO/3/27)"]
[Site "?"]
[Date "1990.??.??"]
[Round "?"]
[White "Watkins, K."]
[Black "McFolley, John"]
[Result "1-0"]
[WhiteElo "1605"]
[BlackElo "1605"]
[PlyCount "61"]
[EventDate "1990.??.??"]

{3/(27)} 1. e4 e5 2. Nf3 Nc6 3. Bc4 Nf6 4. Ng5 d5 5. exd5 Nxd5 6. Nxf7 Kxf7 7.
Qf3+ Ke6 8. Nc3 Ncb4 9. Kd1 Kd6 10. Nxd5 Nxd5 11. Qxd5+ Ke7 12. Qxd8+ Kxd8 13.
d3 a6 14. Bg5+ Be7 15. Bxe7+ Kxe7 16. Re1 Kd6 17. a4 Re8 18. b4 b5 19. axb5
axb5 20. Rxa8 Bg4+ 21. f3 Rxa8 22. Bxb5 Rb8 23. Bc4 Be6 24. Bxe6 Kxe6 25. f4
Rxb4 26. Rxe5+ Kf7 27. Rc5 Rxf4 28. Rxc7+ Kf6 29. Rc8 Rf2 30. Rf8+ Ke5 31. Rxf2
1-0

[Event "Detroit (MCO/4/21)"]
[Site "?"]
[Date "1990.??.??"]
[Round "?"]
[White "Watkins, K."]
[Black "Grossman, Jay"]
[Result "1/2-1/2"]
[WhiteElo "1605"]
[BlackElo "1690"]
[PlyCount "154"]
[EventDate "1990.??.??"]

{4/(21)} 1. e4 c5 2. Nf3 Nc6 3. d4 cxd4 4. Nxd4 d6 5. Nc3 Nf6 6. Bc4 g6 7. Be3
Bg7 8. Qd2 O-O 9. f3 Nxd4 10. Bxd4 a6 11. g4 b5 12. Bb3 Bb7 13. g5 Nd7 14. Bxg7
Kxg7 15. O-O-O Nc5 16. Bd5 Bxd5 17. Nxd5 a5 18. h4 Rc8 19. Qh2 b4 20. h5 Rh8
21. h6+ Kf8 22. e5 b3 23. axb3 Nxb3+ 24. Kb1 Nc5 25. exd6 Qxd6 26. Qxd6 exd6
27. Nb6 Rd8 28. Rhe1 Ne6 29. Nd5 Nxg5 30. f4 Ne6 31. Ka2 Nc5 32. Ka3 Re8 33.
Nc3 Rxe1 34. Rxe1 Ne6 35. Ka4 Ke7 36. Kxa5 Ra8+ 37. Kb6 Rb8+ 38. Kc6 Rxb2 39.
Nd5+ Kd8 40. Kxd6 Rxc2 41. Ra1 Rc8 42. Ne7 Nd4 43. Nxc8 Nf5+ 44. Ke5 Kxc8 45.
Ra8+ Kd7 46. Rh8 Nxh6 47. Rxh7 Ng4+ 48. Kd4 Ke6 49. Rh4 Kf5 50. Kd5 Kxf4 51.
Kd6 f5 52. Ke6 Kg5 53. Rh8 f4 54. Rf8 Ne3 55. Ke5 Nf5 56. Ke4 Kg4 57. Rg8 g5
58. Rf8 Ng3+ 59. Kd3 Kf3 60. Rg8 g4 61. Kd2 Ne4+ 62. Ke1 g3 63. Kf1 Nf2 64. Rh8
g2+ 65. Kg1 Nh1 66. Rh2 Ng3 67. Rxg2 Ne2+ 68. Kf1 Ng3+ 69. Kg1 Ne2+ 70. Kh2 Ke3
71. Rg8 f3 72. Rf8 Nf4 73. Kg3 Ne2+ 74. Kh2 Kf2 75. Kh3 Ng1+ 76. Kh2 Kf1 77.
Kg3 Ke1 1/2-1/2

[Event "Detroit (MCO/1/17)"]
[Site "?"]
[Date "1990.??.??"]
[Round "?"]
[White "Watkins, K."]
[Black "Golonka, Stan"]
[Result "0-1"]
[WhiteElo "1605"]
[BlackElo "1930"]
[PlyCount "94"]
[EventDate "1990.??.??"]

{1/(17)} 1. e4 c5 2. Nf3 Nc6 3. d4 cxd4 4. Nxd4 e5 5. Nf3 Nf6 6. Nc3 Bb4 7. Bd2
O-O 8. Bd3 d5 9. exd5 Nxd5 10. Nxd5 Qxd5 11. Bxb4 Nxb4 12. a3 Nxd3+ 13. Qxd3
Qxd3 14. cxd3 f6 15. O-O Be6 16. Rfe1 Bd5 17. Re3 Rac8 18. Ne1 Rfd8 19. h4 Rc7
20. Nf3 Rc2 21. b4 Bxf3 22. Rxf3 Rc3 23. h5 Rdxd3 24. Rxd3 Rxd3 25. Rc1 Rd7 26.
Rc8+ Kf7 27. Rh8 Rd3 28. Rc8 Rd7 29. Rh8 f5 30. Rc8 a6 31. a4 Kf6 32. Rf8+ Kg5
33. Kf1 g6 34. hxg6 hxg6 35. f3 Rd6 36. Re8 Kf6 37. Rh8 Rb6 38. Rh4 f4 39. g3
Rxb4 40. gxf4 Rxf4 41. Rxf4+ exf4 42. Ke2 Ke5 43. Kd3 b5 44. axb5 axb5 45. Kc3
g5 46. Kb4 Kd4 47. Kxb5 Ke3 0-1

[Event "Detroit (MOR/4/35)"]
[Site "?"]
[Date "1990.??.??"]
[Round "?"]
[White "Watkins, K."]
[Black "Brown, S."]
[Result "0-1"]
[WhiteElo "1605"]
[BlackElo "1630"]
[PlyCount "42"]
[EventDate "1990.??.??"]

{4/(35)} 1. e4 c5 2. Nf3 Nc6 3. Bb5 a6 4. Bc4 b5 5. Bd5 e6 6. Bxc6 dxc6 7. d4
Nf6 8. e5 cxd4 9. exf6 c5 10. c3 d3 11. Ne5 c4 12. Bg5 gxf6 13. Nc6 Qd5 14.
Bxf6 Qxg2 15. Rf1 Qe4+ 16. Kd2 Bh6+ 17. f4 Bxf4+ 18. Rxf4 Qxf4+ 19. Ke1 Qe3+
20. Kf1 Rg8 21. Bd4 Rg1# 0-1

[Event "Detroit (MOR/1b/30)"]
[Site "?"]
[Date "1990.??.??"]
[Round "?"]
[White "Warren, S."]
[Black "Needleman, Andrew"]
[Result "0-1"]
[WhiteElo "1605"]
[BlackElo "1605"]
[PlyCount "82"]
[EventDate "1990.??.??"]

1. e4 c6 2. Nf3 d5 3. Nc3 dxe4 4. Nxe4 Bf5 5. Bd3 Bxe4 6. Bxe4 Nf6 7. Ng5 h6 8.
Nxf7 Kxf7 9. Bf3 e6 10. d3 Bd6 11. O-O Rf8 12. b3 Kg8 13. Bb2 Nbd7 14. Re1 Qc7
15. g3 Nd5 16. Bxd5 exd5 17. Bxg7 Kxg7 18. Qg4+ Kh7 19. Re6 Rf6 20. Rxf6 Nxf6
21. Qf5+ Kg7 22. Re1 Qd7 23. Re6 Rf8 24. Qh3 Re8 25. Qf1 Qxe6 26. h4 Qe1 27.
Qxe1 Rxe1+ 28. Kg2 Re2 29. c4 dxc4 30. dxc4 Rxa2 31. Kh3 Rxf2 32. b4 Rf3 33.
Kg2 Rxg3+ 34. Kf2 Ne4+ 35. Ke2 Bxb4 36. h5 Kf6 37. c5 Ke5 38. Kd1 Rg2 39. Kc1
Ba3+ 40. Kb1 Nc3+ 41. Ka1 Rg1# 0-1

[Event "Detroit (MOR/4/51)"]
[Site "?"]
[Date "1990.??.??"]
[Round "?"]
[White "Warren, S."]
[Black "James, Larry"]
[Result "0-1"]
[WhiteElo "1605"]
[BlackElo "1605"]
[PlyCount "72"]
[EventDate "1990.??.??"]

{4/(51)} 1. e4 c5 2. Nf3 d6 3. Bc4 Bg4 4. h3 Bxf3 5. Qxf3 e6 6. d3 Nf6 7. Bg5
Be7 8. O-O Nc6 9. Bb5 Rc8 10. c3 O-O 11. Qg3 Nxe4 12. dxe4 Bxg5 13. Na3 Qf6 14.
Nc4 Rfd8 15. h4 Bf4 16. Qh3 d5 17. exd5 Rxd5 18. Bxc6 Rxc6 19. Na5 Rc7 20. c4
Rh5 21. Rfd1 Rxh4 22. Qf3 h6 23. Nxb7 Bh2+ 24. Kf1 Qxf3 25. Rd8+ Kh7 26. gxf3
Rxb7 27. b3 Be5 28. Rad1 Bd4 29. a4 Rxb3 30. Ra8 Rb2 31. Kg2 Bxf2 32. Rxa7 Be1+
33. Kg1 Bc3 34. Rxf7 Bd4+ 35. Rxd4 cxd4 36. Kf1 Rh1# 0-1

[Event "Detroit (MOR/6/43)"]
[Site "?"]
[Date "1990.??.??"]
[Round "?"]
[White "Warren, S."]
[Black "Endres, John"]
[Result "0-1"]
[WhiteElo "1605"]
[BlackElo "1605"]
[PlyCount "94"]
[EventDate "1990.??.??"]

{6/(43)} 1. e4 c5 2. Nf3 Nc6 3. Bc4 d6 4. Nc3 Nf6 5. d3 g6 6. O-O Bg7 7. Bb5
O-O 8. h3 a6 9. Bxc6 bxc6 10. e5 Ne8 11. Bf4 d5 12. d4 cxd4 13. Qxd4 Nc7 14.
Ng5 h6 15. Nf3 Ne6 16. Qe3 Nxf4 17. Qxf4 c5 18. h4 e6 19. Kh2 Qc7 20. Rh1 Ra7
21. Kg1 f6 22. Re1 fxe5 23. Qg4 e4 24. h5 exf3 25. gxf3 Qf4 26. Qxg6 Qg5+ 27.
Qxg5 hxg5 28. h6 Bd4 29. Rh5 Rf5 30. Ne2 Bxb2 31. Ng3 Rxf3 32. Rxg5+ Kh7 33.
Rh5 Kg6 34. Kg2 Rxg3+ 35. Kxg3 Kxh5 36. Rh1+ Kg6 37. f4 Rh7 38. Rh4 Rxh6 39.
Rg4+ Kf5 40. Rg5+ Kf6 41. Kg4 Rg6 42. Rxg6+ Kxg6 43. a4 e5+ 44. f5+ Bxf5+ 45.
Kh4 e4 46. c4 d4 47. a5 e3 0-1

[Event "Detroit (RVO/3)"]
[Site "?"]
[Date "1990.??.??"]
[Round "?"]
[White "Ward, Tom"]
[Black "Tsemekhman, Vadim"]
[Result "0-1"]
[WhiteElo "2130"]
[BlackElo "2430"]
[PlyCount "50"]
[EventDate "1990.??.??"]

1. e4 e6 2. d4 d5 3. Nc3 Bb4 4. Bd2 Ne7 5. Qg4 O-O 6. e5 c5 7. a3 Bxc3 8. Bxc3
b6 9. Nf3 Ba6 10. O-O-O Bxf1 11. Rhxf1 Nbc6 12. Nh4 cxd4 13. Bxd4 Nxd4 14. Qxd4
Nc6 15. Qf4 Nxe5 16. Qxe5 Qxh4 17. Rd3 Rac8 18. Rg3 Qh6+ 19. f4 Rc4 20. Kb1 Re4
21. Qc7 Qxh2 22. f5 Rg4 23. Rff3 exf5 24. Qc3 d4 25. Qd3 g6 0-1

[Event "Detroit (RVO/1)"]
[Site "?"]
[Date "1990.??.??"]
[Round "?"]
[White "Ward, Tom"]
[Black "Smeltzer, P."]
[Result "1-0"]
[WhiteElo "2130"]
[BlackElo "1605"]
[PlyCount "63"]
[EventDate "1990.??.??"]

1. e4 c5 2. Nf3 d6 3. d4 cxd4 4. Nxd4 Nf6 5. Nc3 g6 6. Be3 Bg7 7. f3 O-O 8. Qd2
Nc6 9. Bc4 Nxd4 10. Bxd4 Be6 11. Nd5 Rc8 12. Bb3 b6 13. O-O-O Nxd5 14. exd5 Bd7
15. h4 a5 16. h5 e5 17. dxe6 fxe6 18. Bxg7 Kxg7 19. hxg6 Kxg6 20. Qh6+ Kf7 21.
Qxh7+ Ke8 22. Qg6+ Rf7 23. Rh8+ Ke7 24. Rxd8 Rxd8 25. Rxd6 Rf6 26. Qg7+ Rf7 27.
Qe5 Rf6 28. Ba4 Rf5 29. Qd4 b5 30. Bb3 a4 31. Bxe6 Rf6 32. Rxd7+ 1-0

[Event "Detroit (MI Op/6/6)"]
[Site "?"]
[Date "1990.??.??"]
[Round "?"]
[White "Ward, Tom"]
[Black "Ruiz, G."]
[Result "0-1"]
[WhiteElo "2100"]
[BlackElo "2405"]
[PlyCount "48"]
[EventDate "1990.??.??"]

{6/(6)} 1. e4 c5 2. Nf3 Nc6 3. d4 cxd4 4. Nxd4 g6 5. Be3 Nf6 6. Nc3 Bg7 7. f3
O-O 8. Bc4 Qb6 9. Ncb5 a6 10. Nf5 Qd8 11. Nbd4 gxf5 12. Nxf5 d5 13. Bd3 Bxf5
14. exf5 d4 15. Bd2 Ne5 16. Qe2 Nxd3+ 17. Qxd3 Rc8 18. g4 Nd5 19. O-O-O Qb6 20.
Rhe1 Ne3 21. Bxe3 dxe3 22. c3 Rfd8 23. Qe2 Rxd1+ 24. Rxd1 Bxc3 0-1

[Event "Detroit (MI Op/1b/7)"]
[Site "?"]
[Date "1990.??.??"]
[Round "?"]
[White "Ward, Tom"]
[Black "Pirochta, T."]
[Result "0-1"]
[WhiteElo "2100"]
[BlackElo "1845"]
[PlyCount "80"]
[EventDate "1990.??.??"]

1. e4 c6 2. d4 d5 3. e5 g6 4. Bd3 Bg7 5. Ne2 Nh6 6. Bf4 Qb6 7. Qc1 Bf5 8. Bxf5
Nxf5 9. c3 Nd7 10. O-O e6 11. Nd2 h5 12. Nf3 O-O 13. Ng3 Nxg3 14. fxg3 c5 15.
Bh6 cxd4 16. cxd4 Nxe5 17. Bxg7 Nxf3+ 18. Rxf3 Kxg7 19. Qd2 e5 20. Kh1 e4 21.
Rb3 Qc6 22. Rc1 Qd7 23. h3 Rac8 24. Rbc3 Rxc3 25. Qxc3 Re8 26. Qa5 b6 27. Qc3
Re7 28. Qe3 Qd6 29. Qg5 e3 30. Re1 Qe6 31. Re2 Qe4 32. Kh2 Re6 33. Qf4 Qd3 34.
Re1 Re4 35. Qc7 e2 36. Qc3 Qd1 37. Kg1 Re3 38. Qxe3 Qxe1+ 39. Kh2 Qf1 40. Qe5+
Kh7 0-1

[Event "Flint (MEX/1)"]
[Site "?"]
[Date "1990.??.??"]
[Round "?"]
[White "Ward, Tom"]
[Black "Noren, Kevin"]
[Result "1-0"]
[WhiteElo "2090"]
[BlackElo "2250"]
[PlyCount "85"]
[EventDate "1990.??.??"]

1. e4 e6 2. d4 d5 3. Nc3 Bb4 4. Bd2 Ne7 5. Qg4 O-O 6. e5 c5 7. Nf3 Nbc6 8. Bd3
f5 9. exf6 Rxf6 10. Qh5 h6 11. dxc5 e5 12. O-O-O e4 13. Nxe4 dxe4 14. Bc4+ Be6
15. Bxb4 Qc8 16. Bxe6+ Rxe6 17. Nd4 Nxb4 18. a3 Nbd5 19. Nxe6 Qxe6 20. Rhe1 Nf4
21. Qh4 Rf8 22. Qg3 Neg6 23. Kb1 Kh7 24. Rd6 Qf5 25. Qc3 Rc8 26. g3 Rxc5 27.
Qd4 e3 28. gxf4 Qxc2+ 29. Ka2 exf2 30. Rf1 Rc4 31. Qxf2 Qf5 32. Rd4 Rc2 33. Qg3
Qb5 34. Rb1 Qc5 35. Rdd1 a5 36. Rg1 Qd5+ 37. Ka1 Qf5 38. h4 Rc7 39. Qg4 Qxg4
40. Rxg4 h5 41. Rg5 Nxf4 42. Rf1 Rf7 43. Rxh5+ 1-0

[Event "Detroit (MI Op/5/7)"]
[Site "?"]
[Date "1990.??.??"]
[Round "?"]
[White "Ward, Tom"]
[Black "Finegold, Ron"]
[Result "1-0"]
[WhiteElo "2100"]
[BlackElo "2200"]
[PlyCount "93"]
[EventDate "1990.??.??"]

{5/(7)} 1. e4 e5 2. Bc4 Nf6 3. d4 exd4 4. Nf3 d5 5. exd5 Bb4+ 6. Bd2 Qe7+ 7.
Qe2 Qxe2+ 8. Kxe2 Bc5 9. Re1 O-O 10. Kf1 Bf5 11. c3 Be4 12. Nxd4 Bxd5 13. Bxd5
Nxd5 14. Nb3 Na6 15. c4 Nb6 16. Nxc5 Nxc5 17. b3 Rfd8 18. Be3 Ne6 19. Na3 Rd7
20. Rad1 Rad8 21. Rxd7 Rxd7 22. Nb5 a6 23. Nxc7 Nxc4 24. Nxe6 Nxe3+ 25. Rxe3
fxe6 26. Rxe6 Rd2 27. a4 Kf7 28. Rb6 Rd7 29. f4 Ke7 30. Ke2 Kd8 31. g4 Kc7 32.
a5 Rd5 33. b4 Rd4 34. Ke3 Rc4 35. Kf3 Kc8 36. f5 Rc7 37. g5 Kd8 38. f6 gxf6 39.
gxf6 Ke8 40. Kf4 Kf7 41. Kf5 Rd7 42. Ke5 Kg6 43. Rd6 Rc7 44. Rd8 Rc4 45. Rd7
Rxb4 46. Rg7+ Kh6 47. Rg8 1-0

[Event "Flint (MEX/3)"]
[Site "?"]
[Date "1990.??.??"]
[Round "?"]
[White "Ward, Tom"]
[Black "Finegold, Mark"]
[Result "1/2-1/2"]
[WhiteElo "2090"]
[BlackElo "2195"]
[PlyCount "106"]
[EventDate "1990.??.??"]

1. e4 c5 2. Nf3 e6 3. d4 cxd4 4. Nxd4 Nf6 5. Nc3 Nc6 6. Bg5 Bb4 7. Nxc6 bxc6 8.
Qd4 c5 9. Qe3 Qa5 10. Bxf6 gxf6 11. Be2 Ba6 12. Bxa6 Qxa6 13. O-O-O Qa5 14. Nb1
Qxa2 15. c3 Ba5 16. Qxc5 Rb8 17. Rd2 Bb6 18. Qd6 Rb7 19. Rhd1 Rg8 20. g3 Rg5
21. Qd3 Bd8 22. Na3 Rc5 23. Qb1 Rxc3+ 24. bxc3 Qxa3+ 25. Rb2 Be7 26. Kc2 Qa4+
27. Kd2 Rxb2+ 28. Qxb2 Qxe4 29. Qb8+ Bd8 30. Qxa7 f5 31. h4 Qc6 32. Qe3 Bf6 33.
Rb1 Qd5+ 34. Qd3 Qa2+ 35. Qc2 Qd5+ 36. Kc1 Qe5 37. Kb2 Qb5+ 38. Ka2 Qa5+ 39.
Kb2 Qb4+ 40. Qb3 Bxc3+ 41. Kc2 Qxb3+ 42. Rxb3 Bf6 43. Kd1 f4 44. gxf4 Bxh4 45.
Ke2 f5 46. Rh3 Be7 47. Rxh7 Bd6 48. Kf3 Kd8 49. Rh8+ Kc7 50. Ra8 Kc6 51. Ra6+
Kd5 52. Ra5+ Kc6 53. Ra6+ Kd5 1/2-1/2

[Event "Detroit (RVO/5)"]
[Site "?"]
[Date "1990.??.??"]
[Round "?"]
[White "Ward, Tom"]
[Black "Burg, Dan"]
[Result "1-0"]
[WhiteElo "2130"]
[BlackElo "1845"]
[PlyCount "31"]
[EventDate "1990.??.??"]

1. e4 c6 2. d4 d5 3. e5 Bf5 4. Nc3 e6 5. g4 Bg6 6. Nge2 c5 7. Be3 Nc6 8. dxc5
Nxe5 9. Nd4 Nf6 10. f4 Nc6 11. Bb5 Qc7 12. Qe2 Ne4 13. f5 Nxc5 14. fxg6 hxg6
15. Nxd5 exd5 16. Nxc6 1-0

[Event "Detroit (MI Op/3/20)"]
[Site "?"]
[Date "1990.??.??"]
[Round "?"]
[White "Ward, Tom"]
[Black "Almquist, W."]
[Result "1-0"]
[WhiteElo "2100"]
[BlackElo "1870"]
[PlyCount "51"]
[EventDate "1990.??.??"]

{3/(20)} 1. e4 c5 2. Nf3 d6 3. d4 cxd4 4. Nxd4 Nf6 5. Nc3 a6 6. Bc4 e6 7. Bb3
Be7 8. f4 Nc6 9. Be3 Qc7 10. Qf3 Na5 11. Qg3 Nxb3 12. axb3 O-O 13. O-O Kh8 14.
Rae1 b5 15. e5 Nd5 16. Nxd5 exd5 17. c3 dxe5 18. fxe5 Bc5 19. Nf3 f6 20. Bxc5
Qxc5+ 21. Kh1 fxe5 22. Qxe5 h6 23. Nh4 Rxf1+ 24. Rxf1 Qa7 25. Rf8+ Kh7 26. Qe8
1-0

[Event "Lansing (Mini-Swiss.2/3)"]
[Site "?"]
[Date "1990.??.??"]
[Round "?"]
[White "Ward, Tim"]
[Black "Smith, Ed"]
[Result "1-0"]
[WhiteElo "1825"]
[BlackElo "1750"]
[PlyCount "119"]
[EventDate "1990.??.??"]

{2/(3)} 1. d4 d5 2. c4 c6 3. Nf3 Nf6 4. cxd5 cxd5 5. Nc3 Nc6 6. e3 e6 7. Bd3 a6
8. O-O Be7 9. Qe2 O-O 10. Rd1 Qc7 11. e4 dxe4 12. Nxe4 Nxe4 13. Bxe4 f5 14. Bc2
Bd7 15. Bb3 Rf6 16. Bg5 Rg6 17. Bxe7 Nxe7 18. Rac1 Qd6 19. Qe5 Qb6 20. Qc7 Qxc7
21. Rxc7 Bc6 22. Nh4 Nd5 23. Bxd5 Bxd5 24. Nxg6 hxg6 25. Rdc1 Re8 26. f3 Kf8
27. R1c3 Re7 28. h4 Kf7 29. f4 Bc6 30. Rxe7+ Kxe7 31. Kf2 Kd6 32. g3 Ke7 33.
Ke3 Kd6 34. b4 Kd7 35. Rc5 Bd5 36. a4 Bc6 37. b5 axb5 38. axb5 Be4 39. b6 Bc6
40. Kd2 Kd8 41. Kc3 Kd7 42. Kb4 Kd6 43. Ra5 Bd5 44. Rc5 Bc6 45. Ka5 Kd7 46. Re5
Kd6 47. Rc5 Kd7 48. Rc1 Kd6 49. Kb4 Kd5 50. Kc3 Kd6 51. Kc4 Bd5+ 52. Kb5 Ke7
53. Rc7+ Kf8 54. Kc5 Be4 55. Kd6 Bd5 56. Re7 Kg8 57. Rxe6 Bxe6 58. Kxe6 Kf8 59.
Kd7 Kf7 60. d5 1-0

[Event "Lansing (MI Am/2/27)"]
[Site "?"]
[Date "1990.??.??"]
[Round "?"]
[White "Ward, Tim"]
[Black "James, Larry"]
[Result "1-0"]
[WhiteElo "1820"]
[BlackElo "1605"]
[PlyCount "87"]
[EventDate "1990.??.??"]

{2/(27)} 1. d4 d5 2. c4 c6 3. Nc3 Nf6 4. Nf3 Bg4 5. cxd5 cxd5 6. Ne5 Bh5 7. Qb3
Nc6 8. e3 Rb8 9. Bb5 e6 10. Nxc6 bxc6 11. Bxc6+ Nd7 12. Bxd7+ Kxd7 13. Qa4+ Ke7
14. Qxa7+ Ke8 15. Qa4+ Qd7 16. O-O Qxa4 17. Nxa4 Bb4 18. a3 Bd6 19. b4 Be2 20.
Re1 Bc4 21. Bd2 Ke7 22. Rec1 Rhc8 23. Nc5 Bxc5 24. dxc5 Kd7 25. a4 Ra8 26. Bc3
f6 27. f4 Bb3 28. a5 Bc4 29. Rd1 Kc6 30. e4 dxe4 31. Rd6+ Kb7 32. Kf2 Rc7 33.
Ke3 f5 34. Be5 Rcc8 35. Rb6+ Ka7 36. a6 Bd5 37. Rd6 Rd8 38. b5 Rxd6 39. Bxd6
Rg8 40. b6+ Ka8 41. Rc1 Bc6 42. Rb1 Rb8 43. Bxb8 Kxb8 44. b7 1-0

[Event "Lansing (MI Am/4/23)"]
[Site "?"]
[Date "1990.??.??"]
[Round "?"]
[White "Ward, Tim"]
[Black "Cain, B."]
[Result "1-0"]
[WhiteElo "1820"]
[BlackElo "1605"]
[PlyCount "79"]
[EventDate "1990.??.??"]

{4/(23)} 1. d4 d5 2. c4 c6 3. Nc3 Nf6 4. Nf3 dxc4 5. a4 Bf5 6. e3 e6 7. Bxc4
Bb4 8. Bd3 O-O 9. O-O Bxc3 10. bxc3 Nbd7 11. c4 h6 12. Ba3 Re8 13. Qb1 Bxd3 14.
Qxd3 e5 15. dxe5 Nxe5 16. Nxe5 Qxd3 17. Nxd3 Ne4 18. Rac1 a6 19. Nc5 Nxc5 20.
Bxc5 Rad8 21. Rfd1 Rxd1+ 22. Rxd1 Re5 23. Rd8+ Kh7 24. Bb6 Re4 25. Rd4 Rxd4 26.
exd4 Kg6 27. d5 cxd5 28. cxd5 Kf6 29. d6 Ke6 30. Bc7 b5 31. axb5 axb5 32. Kf1
b4 33. Ke1 b3 34. Kd1 Kd7 35. Kc1 Kc6 36. Kb2 Kd7 37. Kxb3 Ke6 38. Kc4 g6 39.
Kc5 Kd7 40. Kd5 1-0

[Event "Detroit (MOR/4/19)"]
[Site "?"]
[Date "1990.??.??"]
[Round "?"]
[White "Wanshon, Kevin"]
[Black "Stinson, A."]
[Result "1-0"]
[WhiteElo "1640"]
[BlackElo "1605"]
[PlyCount "103"]
[EventDate "1990.??.??"]

{4/(19)} 1. e4 e5 2. Nf3 Nc6 3. Bb5 d6 4. d4 Bd7 5. d5 Nce7 6. Bxd7+ Qxd7 7. c4
Nf6 8. Nc3 Ng6 9. h3 Be7 10. Be3 b6 11. b4 O-O 12. O-O Nh5 13. Ne2 Nhf4 14.
Nxf4 Nxf4 15. Bxf4 exf4 16. Nd4 Bf6 17. Rc1 Bxd4 18. Qxd4 Rae8 19. c5 f5 20.
exf5 Qxf5 21. cxb6 axb6 22. Rxc7 Rf7 23. Rfc1 Re5 24. Rxf7 Kxf7 25. Rc7+ Re7
26. Rxe7+ Kxe7 27. Qxg7+ Qf7 28. Qd4 Qg6 29. a3 Qf7 30. Qd3 h5 31. Kh2 h4 32.
a4 Kf8 33. a5 bxa5 34. bxa5 Qe7 35. Qf5+ Qf7 36. Qg5 Ke8 37. a6 f3 38. gxf3
Qxf3 39. Qe3+ Qxe3 40. fxe3 Kf7 41. Kg2 Kf6 42. Kf3 Ke5 43. e4 Kd4 44. Kf4 Kc5
45. Kf5 Kb6 46. e5 dxe5 47. Kxe5 Kc7 48. d6+ Kd7 49. Kd5 Kc8 50. Ke6 Kd8 51. d7
Kc7 52. Ke7 1-0

[Event "Detroit (MOR/6/20)"]
[Site "?"]
[Date "1990.??.??"]
[Round "?"]
[White "Wanshon, Kevin"]
[Black "Moceri, Paul"]
[Result "1/2-1/2"]
[WhiteElo "1640"]
[BlackElo "1605"]
[PlyCount "124"]
[EventDate "1990.??.??"]

{6/(20)} 1. e4 e5 2. Nf3 Nc6 3. Bb5 Nd4 4. Nxd4 exd4 5. d3 c6 6. Ba4 Qa5+ 7. c3
dxc3 8. bxc3 Nf6 9. O-O Be7 10. Bd2 O-O 11. Bb3 d6 12. h3 Be6 13. Bxe6 fxe6 14.
Qb3 Qb5 15. Qxb5 cxb5 16. a4 bxa4 17. Rxa4 a6 18. Be3 Nd7 19. d4 b5 20. Ra2 d5
21. e5 Nb6 22. Nd2 Rfc8 23. Rfa1 Na4 24. Nb1 Kf7 25. Bd2 h6 26. g4 g5 27. Kg2
Rc7 28. Kg3 Rca7 29. Na3 Bxa3 30. Rxa3 Nb6 31. R3a2 Nc4 32. Be1 a5 33. Rb1 Rb7
34. f4 gxf4+ 35. Kxf4 Kg7 36. Bh4 a4 37. Rb4 a3 38. Rb3 Ra4 39. Be1 Rf7+ 40.
Kg3 Rf1 41. Bf2 Ra5 42. Kh4 Rd1 43. Bg3 Rd2 44. Ra1 a2 45. Bf4 Rb2 46. Rxb2
Nxb2 47. Kh5 Nd1 48. Bxh6+ Kg8 49. Bd2 Ra7 50. Kg6 Nf2 51. g5 Ne4 52. Be1 Rg7+
53. Kh6 Rh7+ 54. Kg6 Ra7 55. h4 Rg7+ 56. Kh5 Rh7+ 57. Kg4 Ra7 58. h5 Kg7 59.
Kh4 Ra3 60. Kg4 Ra8 61. Kh4 Ra7 62. Kg4 Ra8 1/2-1/2